000 00579nam a2200181Ia 4500
008 100921s9999 xx 000 0 und d
082 _b33787
_a891.463 थ 98
100 _aप्रभावळकर दिलिप.
245 _aहसगत.
260 _bविश्वमोहिनी प्रकाशन,पुणे.
_c1998
300 _a224
_bजयेश एजन्सी,पुणे.
365 _b200
520 _aललित-कथा.
630 _aहसगत.
650 _aललित-कथा.
730 _aहसगत.
942 _cBOOK
999 _c782900
_d782897